| 000 | 00715nam a2200181Ia 4500 | ||
|---|---|---|---|
| 008 | 151202s9999||||xx |||||||||||||| ||und|| | ||
| 082 | _bPNVM-37916 | ||
| 100 | _aनेउरगावकर स.के. | ||
| 245 | _aज्ञानदेवांची आळंदी दर्शन. | ||
| 260 | _bज्ञानेश्वर महाराज संस्थान. | ||
| 260 | _c1988 | ||
| 300 | _a71 | ||
| 600 | _aनेउरगावकर स.के. | ||
| 630 | _aज्ञानदेवांची आळंदी दर्शन. | ||
| 700 | _aनेउरगावकर स.के. | ||
| 730 | _aज्ञानदेवांची आळंदी दर्शन. | ||
| 942 | _cBOOK | ||
| 999 |
_c1303868 _d1303865 |
||